Investigación de la familia en México : (Record no. 129652)

MARC details
000 -CABECERA
campo de control de longitud fija 00770nam a2200217 a 4500
005 - FECHA Y HORA DE LA ÚLTIMA TRANSACCIÓN
campo de control 20210223130533.0
008 - ELEMENTOS DE LONGITUD FIJA--INFORMACIÓN GENERAL
campo de control de longitud fija 080624s1971 mx r 000 0 spa d
035 ## - NÚMERO DE CONTROL DEL SISTEMA
Número de control de sistema UPN01000157538
049 ## - COLECCIÓN
Colección UNE
080 ## - NÚMERO DE CLASIFICACIÓN DECIMAL UNIVERSAL
Número de la Clasificación Decimal Universal 362.17 (72) "1971" LEÑ.
100 1# - ASIENTO PRINCIPAL--NOMBRE PERSONAL
Nombre de persona Leñero Otero, Luis,
Fechas asociadas al nombre 1934-
9 (RLIN) 28983
245 10 - MENCIÓN DE TÍTULO
Título Investigación de la familia en México :
Resto del título presentación y avance de resultados de una encuesta nacional /
Mención de responsabilidad, etc. Luis Leñero Otero.
250 ## - MENCIÓN DE EDICIÓN
Mención de edición 2a ed.
260 ## - PUBLICACIÓN, DISTRIBUCIÓN, ETC.
Lugar de publicación, distribución, etc. México :
Nombre del editor, distribuidor, etc. Instituto Mexicano de Estudios Sociales, A. C.,
Fecha de publicación, distribución, etc. 1971.
300 ## - DESCRIPCIÓN FÍSICA
Extensión 359 p. :
Otras características físicas fot.
690 ## - PUNTO DE ACCESO ADICIONAL DE MATERIA LOCAL--TÉRMINO DE MATERIA (OCLC, RLIN)
Término de materia o nombre geográfico como elemento inicial Familia - México
690 ## - PUNTO DE ACCESO ADICIONAL DE MATERIA LOCAL--TÉRMINO DE MATERIA (OCLC, RLIN)
Término de materia o nombre geográfico como elemento inicial Planificación de la familia - México
690 ## - PUNTO DE ACCESO ADICIONAL DE MATERIA LOCAL--TÉRMINO DE MATERIA (OCLC, RLIN)
Término de materia o nombre geográfico como elemento inicial México - Familia
710 2# - ASIENTO SECUNDARIO - NOMBRE CORPORATIVO
Nombre de entidad corporativa o nombre de jurisdicción como elemento de entrada Instituto Mexicano de Estudios Sociales, A.C.
905 ## - TIPO DE MATERIAL
Tipo de material UNESCO

No items available.